Catálogo
 En Linea
Vista normal Vista MARC

Entrada Nombre personal

Número de registros utilizados en: 5

001 - NÚMERO DE CONTROL

  • campo de control: 25139

003 - IDENTIFICADOR DEL NÚMERO DE CONTROL

  • campo de control: BNPHU

005 - FECHA Y HORA DE LA ÚLTIMA TRANSACCIÓN

  • campo de control: 20240226144944.0

008 - DATOS DE LONGITUD FIJA

  • campo de control de longitud fija: 200615|| aca||aabn | a|a d

040 ## - FUENTE DE LA CATALOGACIÓN

  • Centro catalogador/agencia de origen: DO-SdBNP
  • Lengua de catalogación: spa
  • Centro/agencia transcriptor: BNPHU
  • Normas de descripción: rda

100 1# - ENCABEZAMIENTO-NOMBRE DE PERSONA

  • Nombre de persona: Donastorg, Tarquino,
  • Fechas asociadas al nombre: 1906 -1989

370 ## - LUGAR ASOCIADO

  • Lugar de nacimiento: Higuey (República Dominicana)

374 ## - OCUPACIÓN

  • Ocupación: Maestro
  • Ocupación: Escritor
  • Ocupación: Periodista

670 ## - FUENTE DE DATOS ENCONTRADOS

  • Cita de la fuente: Donastorg, Tarquino 1906 -1989, Arpegios de la tarde /, 1974.

670 ## - FUENTE DE DATOS ENCONTRADOS

  • Cita de la fuente: Donastorg, Tarquino 1906 -1989. Batey, 2020

Con tecnología Koha